000 00903cab a2200265 4500
001 ABS37332
008 090401t1987 xxu||||| |||| 00| 0 eng d
035 _a(Sirsi) u3755
041 _aeng
100 _aSullivan, M.
245 _aAppraising and financing office buildings that offer free-rent concessions
260 _c1987
350 _a0
490 _aReal Estate Review
_v16 (4) Winter 1987, 48-52 (5)
520 _aExamines problems from the United States which arise for lenders and developers as a result of the introduction of concessions designed to compensate for poor leasing conditions.
650 _aFACE RENT
650 _aFINANCE
650 _aINVESTMENT
650 _aLEASING
650 _aPROPERTY-COMMERCIAL PROPERTY-OFFICE PROPERTY-OFFICE PROPERTY MARKET
650 _aRENT FREE PERIODS
690 _aPROPERTY LAW AND PRACTICE
942 _n0
948 _c04/03/1997
999 _c2290
_d2290